Joueurs passés par l’Olympique de Marseille - Mort subite - Statistiques

Statistiques générales
  • Ce quiz a été pris 4 633 fois
  • Le résultat moyen est 15 sur 20
Answers on the Grid
Answers color-coded by a green-red scale on the quiz's grid according to % correct below.
Pierre-Emerick Aubameyang
Florian Thauvin
Valentin Rongier
Alexis Sánchez
Éric Cantona
Didier Deschamps
Leonardo Balerdi
Darío Benedetto
Franck Ribéry
Rudi Völler
Valère Germain
Jairzinho
Jean-Pierre Papin
Amine Harit
Jonathan Clauss
Fernando Morientes
Mario Balotelli
Steve Mandanda
Éric Di Meco
Dimitri Payet
Zinédine Zidane
Nicolas Anelka
Mamadou Sakho
Samuel Eto'o
Jonathan Bamba
Riyad Mahrez
Djibril Sidibé
Alexandre Lacazette
Igor Tudor
Sadio Mané
Martin Terrier
Lucas Paquetá
 
Statistiques - réponses
Réponse % Correct
Dimitri Payet
81%
Florian Thauvin
80%
Steve Mandanda
80%
Didier Deschamps
79%
Jonathan Clauss
79%
Pierre-Emerick Aubameyang
79%
Valère Germain
79%
Amine Harit
78%
Jean-Pierre Papin
78%
Leonardo Balerdi
78%
Valentin Rongier
78%
Alexis Sánchez
77%
Franck Ribéry
77%
Mario Balotelli
77%
Darío Benedetto
72%
Éric Di Meco
68%
Rudi Völler
64%
Éric Cantona
60%
Fernando Morientes
44%
Jairzinho
43%
Aucun quiz correspondant
Distribution des résultats
% des personnes avec chaque résultat
Percentile par nombre de réponses
Votre historique - résultats
Vous n’avez pas pris ce quiz